000 00617nam a22002417a 4500
003 UA-OsUOA
001 70906
007 ta
008 20100923b un ||||| |||| 00| 0 ukr d
100 _aПогрібний В.
090 _a821.161.2
_bП43
942 _cBK
040 _aUA-OsUOA
_bukr
_cUA-OsUOA
_dUA-OsUOA
245 _aСеред українців
300 _a374 с.
955 _a2
041 _aukr
080 _a821.161.2
020 _a966-583-158-5
260 _aКіровоград
_c2004
650 7 _a82 Література. Літературознавство
_2UDC
999 _c357187
_d357187